01030nam0a22002411 4500001001100000005001700011021001900028035002600047100004100073101000800114102000700122105001800129200017700147210004700324215002700371320005100398606010900449700009500558701007600653801001800729801002200747852001900769rc\437316120260503054902.0 aRUb[68-47385] a(NLR Aleph) 008542139 a20130416d1968 |||y0rusy50 ca0 arus aRU aa z |||||1 aАвтоматизированный расчет прямоугольных плит на упругом основанииfГипротис. НИИОснований aМоскваcСтройиздатd1968 a208 с.cчерт.d20 aБиблиогр.: с. 203-208 (114 назв.) aПлиты на упругом основанииxРасчет на счетных машинах2psbo 1aГорловbА. М.f1931-gАлександр Моисеевич3RU\NLR\AUTH\770129565 1aСеребряныйbР.В.gРудольф Вениаминович 0aRUbNLRgpsbo 1aRUbELAR2rusmarc aNLRj68-3/3918